Score 0/16 Timer 06:00
0 Plays Today
Cryptogram Place % Correct
WAESCITY
96.4%
WHITESCOUNTY
88.9%
WHITENSCOUNTRY
86.5%
DEREKSTATE
81.7%
WHJHTSCOLONY
76.7%
EKNNAEHNSTERRITORY
71.9%
NKYAHTREGION
71.3%
FAJJRYKVILLAGE
70.1%
Cryptogram Place % Correct
NKBIGJAWREPUBLIC
67.9%
WHOOITKCOMMUNE
64%
BNHFATWKPROVINCE
63.4%
GHNHIYUBOROUGH
61.7%
MADENAWEDISTRICT
60.2%
OITAWABRJAESMUNICIPALITY
55.9%
MIWUSDUCHY
53.9%
CATYMHOKINGDOM
46.3%

You're not logged in!

Compare scores with friends on all Sporcle quizzes.
OR
Log In

Sporcle TV

Today on Sporcle TV


Watch our educational content, quiz creation guides, and fun videos on Sporcle TV.

Show Comments

Extras

Top Quizzes Today


Score Distribution

Paid Content

Your Account Isn't Verified!

In order to create a playlist on Sporcle, you need to verify the email address you used during registration. Go to your Sporcle Settings to finish the process.

Report this User

Report this user for behavior that violates our Community Guidelines.

Details: